000
00283nam a22001337a 4500
008
190226b xxu||||| |||| 00| 0 eng d
020
_a
9780470129050
041
_a
eng
080
_2
13th
_a
910
100
_a
42
101
_a
GJEO
245
_a
Regions
_c
Blij,H.J
942
_2
udc
_c
BK
999
_c
54278
_d
54278